| 000 | 00727nam a22001937a 4500 | ||
|---|---|---|---|
| 999 |
_c527373 _d527373 |
||
| 003 | NUST | ||
| 005 | 20190726042637.0 | ||
| 008 | 190726b ||||| |||| 00| 0 eng d | ||
| 038 | _aMr. Noman | ||
| 082 | _a005 | ||
| 100 |
_aBashir, Saba _917162 |
||
| 245 |
_aINTELLI HEALTH : _bAn Intelligent medical decision support system using a novel multi-layer classifier enscmble framework based on enhanced bagging approach with multi-objective optimized weighted voting scheme / _cSaba Bashir. |
||
| 260 |
_aIslamabad: _bCEME - NUST, _c2016. |
||
| 300 |
_axii, 126 p.: ill.; _c30cm. |
||
| 500 | _aHardcover. | ||
| 650 |
_aComputer Software Engineering PhD Thesis. _918578 |
||
| 700 |
_aDr. Usman Qamar. _918579 |
||
| 942 |
_2ddc _cTHE |
||